| Поле | Название | Значение |
| |
Тип записи |
a |
| |
Библиографический уровень |
m |
| 001 |
Контрольный номер |
fad7f004837f43a9b20fd372f3d9cf7f |
| 005 |
Дата корректировки |
20140625112431.7 |
| 200 |
Заглавие и сведения об ответственности |
1_ |
| a |
Заглавие |
Финансовый менеджмент.Налог на прибыль |
| e |
Сведения, относящиеся к заглавию |
Вопросы и ответы |
| f |
Первые сведения об ответственности |
[Авт.-сост.А.В.Войц] |
| 210 |
Выходные данные |
1_ |
| a |
Место издания |
М. |
| c |
Издательство |
АиН |
| d |
Дата издания |
2003 |
| 215 |
Физическое описание |
__ |
| a |
Объем |
63 с. |
| 225 |
Серия |
2_ |
| a |
Серия |
Б-чка АиН |
| v |
Обозначение тома |
2(50)/2003 |
| e |
Сведения, относящиеся к заглавию серии |
Бухгалтерский учет, аудит и налогообложение |
| 610 |
Ключевые слова |
0_ |
| a |
Ключевые слова |
финансовый менеджмент |
| 610 |
Ключевые слова |
0_ |
| a |
Ключевые слова |
финансовые ресурсы |
| 610 |
Ключевые слова |
0_ |
| a |
Ключевые слова |
финансово-хозяйственная деятельность |
| 610 |
Ключевые слова |
0_ |
| a |
Ключевые слова |
финансовое планирование |
| 686 |
Индексы других классификаций |
__ |
| a |
Классификационный индекс |
65.9(2)26-21 |
| 2 |
Код системы |
rubbk |
| 801 |
Источник записи |
_0 |
| a |
Страна |
RU |
| b |
Организация |
РУК |
| c |
Дата составления |
20040426 |
| g |
Правила каталогизации |
PSBO |
| 801 |
Источник записи |
_1 |
| a |
Страна |
RU |
| b |
Организация |
РУК |
| c |
Дата составления |
20040426 |
| g |
Правила каталогизации |
PSBO |
| 852 |
Данные о местонахождении |
__ |
| i |
Авторский знак |
Ф59 |
| j |
Шифр хранения |
ББК 65.9(2)26 |
| 901 |
Тип документа |
__ |
| t |
Тип документа |
m |
| 938 |
Служебная информация |
__ |
| a |
Название организации |
Головной вуз |
| b |
Имя БД |
BOOK |
| c |
Название АИБС |
АИБС ИРБИС |